The noble scholar, jurist, historian


 His Excellency Dr. Abdul Wahhab bin Ibrahim Abu Sulaiman, may Allah have mercy on him.


 He was born in Umm Al-Qura in the year 1356 AH.

القواعد والضوابط الفقهية في أبواب التمليكات المالية عند الإمام القرافي من خلال كتابيه الذخيرة والفروق : (Record no. 13485)

MARC details
000 -LEADER
fixed length control field 01381ctm a2200277 i 4500
003 - CONTROL NUMBER IDENTIFIER
control field SA-RiAUC
005 - DATE AND TIME OF LATEST TRANSACTION
control field 20251212131335.0
008 - FIXED-LENGTH DATA ELEMENTS--GENERAL INFORMATION
fixed length control field 251210s2001 su f m 00000 ara c
040 ## - CATALOGING SOURCE
Original cataloging agency SA-JeALM
Language of cataloging ara
Transcribing agency SA-RiAUC
Description conventions rda
082 04 - DEWEY DECIMAL CLASSIFICATION NUMBER
Classification number 251.6
090 ## - LOCALLY ASSIGNED LC-TYPE CALL NUMBER (OCLC); LOCAL CALL NUMBER (RLIN)
Classification number (OCLC) (R) ; Classification number, CALL (RLIN) (NR) ر 251.6
Local cutter number (OCLC) ; Book number/undivided call number, CALL (RLIN) ق و ت
100 1# - MAIN ENTRY--PERSONAL NAME
Personal name قوتة، عادل بن عبد القادر بن محمد ولي.
Relator term مؤلف.
245 12 - TITLE STATEMENT
Title القواعد والضوابط الفقهية في أبواب التمليكات المالية عند الإمام القرافي من خلال كتابيه الذخيرة والفروق :
Remainder of title جمعا ودراسة /
Statement of responsibility, etc. إعداد عادل بن عبد القادر بن محمد ولي قوتة ؛ إشراف عبد الوهاب بن إبراهيم أبو سليمان.
264 #0 - PRODUCTION, PUBLICATION, DISTRIBUTION, MANUFACTURE, AND COPYRIGHT NOTICE
Place of production, publication, distribution, manufacture مكة المكرمة :
Name of producer, publisher, distributor, manufacturer جامعة أم القرى .
Date of production, publication, distribution, manufacture, or copyright notice 2001
300 ## - PHYSICAL DESCRIPTION
Extent 2 مجلد ؛
Dimensions 30 سم.
336 ## - CONTENT TYPE
Content type term نص
Content type code txt
Source rdacontent
Materials specified أطروحة
337 ## - MEDIA TYPE
Media type term بدون وسيط
Media type code n
Source rdamedia
338 ## - CARRIER TYPE
Carrier type term مجلد
Carrier type code nc
Source rdacarrier
502 ## - DISSERTATION NOTE
Dissertation note أطروحة ( دكتوراة )-جامعة أم القرى، 1422 هجري.
650 #7 - SUBJECT ADDED ENTRY--TOPICAL TERM
Topical term or geographic name entry element المعاملات (فقه إسلامي).
Source of heading or term aucsh
700 ## - ADDED ENTRY--PERSONAL NAME
Personal name أبوسليمان، عبدالوهاب بن ابراهيم
Relator term مشرف .
740 22 - ADDED ENTRY--UNCONTROLLED RELATED/ANALYTICAL TITLE
Uncontrolled related/analytical title الدخيرة.
740 22 - ADDED ENTRY--UNCONTROLLED RELATED/ANALYTICAL TITLE
Uncontrolled related/analytical title الفروق.
942 ## - ADDED ENTRY ELEMENTS (KOHA)
Source of classification or shelving scheme Dewey Decimal Classification
Koha item type رسالة علمية
Suppress in OPAC No
949 ## - LOCAL PROCESSING INFORMATION (OCLC)
a SA-JeALM
d 251210
u osman123
n 1
Holdings
Withdrawn status Lost status Source of classification or shelving scheme Materials specified (bound volume or other part) Damaged status Not for loan Home library Current library Date acquired Total checkouts Full call number Barcode Date last seen Price effective from Koha item type
    Dewey Decimal Classification المجلد الاول     DR AbdElwahab Library DR AbdElwahab Library 12/12/2025   ر 251.6 ق و ت 000021614 12/12/2025 12/12/2025 رسالة علمية
    Dewey Decimal Classification المجلد الثاني     DR AbdElwahab Library DR AbdElwahab Library 12/12/2025   ر 251.6 ق و ت 000021615 12/12/2025 12/12/2025 رسالة علمية